000 00518nam a22001817a 4500
003 OSt
005 20251127091605.0
008 251127b |||||||| |||| 00| 0 eng d
020 _a981-4040-65-7.
040 _aDWCL-Main lib
_cOC
082 _aCirc. 658.562 R525t 1997
100 _aRichardson, Terry L.
245 _aTotal quality management/
_cRichardson, Terry L.
260 _aN. Y. :
_bDelmar Publishers,
_cc1997.
300 _a427 p. :
_bill. ;
_cc1997.
650 _aManagement.
942 _2ddc
_cBK-CIRC
_kCirc.
_n0
999 _c6424
_d6424